| 000 | 00000nam##2200000za#4500 |
| 001 | 9.615352 |
| 003 | CaOODSP |
| 005 | 20200401020632 |
| 007 | ta |
| 008 | 150406|2000||||xxc||||| f|0| 0 eng|d |
| 040 | |aCaOODSP|beng |
| 043 | |an-cn--- |
| 086 | 1 |aH50-3/97-2000E |
| 110 | 1 |aCanada.|bHealth Canada. |bHealth Protection Branch. |
| 245 | 10|aEar candling |
| 260 | |aOttawa - Ontario : |bHealth Canada. |c2000. |
| 300 | |a2p. ; |c28 cm. |
| 490 | 1 |aIt's your health |
| 563 | |aProcessed |
| 590 | |a00-39|b2000-09-29 |
| 690 | 07|aTherapy|2gcpds |
| 690 | 07|aAdverse effects|2gcpds |
| 690 | 07|aHomeopathy|2gcpds |
| 775 | 08|tCônage d'oreille |w(CaOODSP)9.625449 |
| 776 | 0#|tEar candling |w(CaOODSP)9.572820 |
| 830 | #0|aIt's your health.|w(CaOODSP)9.514736 |